| 000 | 00403nam a2200145 a 4500 | ||
|---|---|---|---|
| 001 | 49 | ||
| 003 | CDMR | ||
| 005 | 20130116135150.0 | ||
| 008 | 130130s2006||||||||||||||||||||||||||||d | ||
| 040 |
_aCDMR _bcat _cCPC LLEIDA |
||
| 100 | 1 |
_aMorata, Francesc _954 |
|
| 245 | 1 | 0 |
_a20 anys de Catalunya a la Unió Europea 1986-2006 _cMORATA, Francesc |
| 260 |
_aBarcelona _c2006 _bPatronat Català Pro Europa |
||
| 942 | _cMON | ||
| 999 |
_c49 _d49 |
||